| 000 | 00798nam a2200229 a 4500 | ||
|---|---|---|---|
| 001 | 18796 | ||
| 003 | CO-ViMGA | ||
| 008 | 141112s2004 ck r 000 u spa d | ||
| 020 | _a9582700300 | ||
| 040 |
_aCO-ViMGA _bspa _cCO-ViMGA |
||
| 082 | 0 | 4 | _a372.6 E573 |
| 100 | 1 |
_aRincón Bonilla, Gloria; Bustamante, Guillermo; Perez, Doris Amparo; Castro Angarita, Margarita _926823 |
|
| 245 | 1 | 0 |
_aLa Enseñanza de la lengua escrita y de la lectura : _bdesde preescolar hasta tercer grado de educación básica |
| 260 |
_aBogotá : _bArango Editores Ltda., _c1999 |
||
| 300 | _a145 p | ||
| 490 | _aeducación | ||
| 590 | _aForma de adquisición : Premio Mincultura | ||
| 650 | 1 | 4 | _aESCRITURA - ENSEÑANZA |
| 650 | 1 | 4 | _aLECTURA - ENSEÑANZA |
| 650 | 1 | 4 |
_aMETODOSDE ENSEÑANZA _926824 |
| 942 |
_2ddc _cBK |
||
| 999 |
_c28025 _d28025 |
||